Sanat - "Keinutaan" - Antti Tuisku (feat. VilleGalle) - Statistics

Yleistilastot
  • Tätä visaa on pelattu 37 kertaa
  • Keskiarvotulos 137 / 225
Vastaustilastot
Hint Vastaus % Oikein
en
93%
J. Lo
93%
keinutaan
93%
tää
93%
taa
93%
et
90%
eteen
90%
J
90%
ja
90%
Chorus Ja
90%
lopettaa
90%
me
90%
haluu
86%
niin
72%
niinku
72%
on
72%
lantio
69%
pyörii
69%
69%
tän
66%
mun
62%
se
62%
anna
59%
sun
59%
älä
55%
hei
55%
osaa
55%
vaan
55%
eikä
52%
helppo
52%
kaa
52%
keinua
52%
kuka
52%
kun
52%
messiin
52%
naapurin
52%
niiaa
52%
oo
52%
tytöt
52%
vielä
52%
käsiesi
48%
nosta
48%
pää
48%
peppusi
48%
rytmissä
48%
suuntaan
48%
tanssii
48%
tuuppa
48%
väsytä
48%
vikidi
48%
VilleGalle
48%
ylös
48%
bailataan
45%
biisi
45%
heiluta
45%
ilmaan
45%
jalat
45%
jos
45%
koukkuun
45%
laita
45%
mulle
45%
ne
45%
puolelta
45%
reippaasti
45%
soimaan
45%
sovitaan
45%
suden
45%
toiselle
45%
treffit
45%
yksi
45%
Verse 1 Aamuneljä
41%
hankalaa
41%
käännä
41%
Pre-Chorus Kädet
41%
kato
41%
katse
41%
mua
41%
siellä
41%
tanssiminen
41%
viimine
41%
Anatuden
38%
kauan
38%
miks
38%
mut
38%
saman
38%
Verse 3 (VilleGalle) Sambaa
38%
tankataan
38%
tarkkaan
38%
tiskillä
38%
jankataan
34%
jorannu
34%
jumitat
34%
kampataan
34%
likoille
34%
jengi
31%
laittaa
31%
lambada
31%
tiedä
31%
vaakamambaa
31%
Verse 2 Aamuseiska
28%
kerran
28%
kuinka
28%
nuokkuu
28%
pakko
28%
tanssitaan
28%
tässä
28%
uudestaan
28%
vola
28%
illemalle
21%
kaakkoon
17%
Ehtoja vastaavia visoja ei löytynyt
Tulosjakauma
Jokaisen tuloksen saaneiden osuus
Persentiili vastausten määrän mukaan
Tuloshistoriasi
Et ole pelannut tätä visaa